000 00247nam a2200097Ia 4500
001 760626
005 20250826165152.0
008 250824s9999 xx 000 0 und d
245 0 _aKARANLIĞA OKUNAN EZANLAR
_cNİHAT GENÇ
260 _bPANAMA YAYINLARI
999 _c760626
_d760626